000 00491nam a2200181Ia 4500
008 240925s9999 xx 000 0 und d
020 _a9781259026836
082 _a658.4 WEJ
100 _aWeihrich, Harold
245 0 _aManagement: a global, innovative, and Enterpreneurial perspective
250 _a14th
260 _aNew Delhi:
_bTataMcGraw-Hill
_c,2013.
300 _a564p.
_b0
_fOriginal
500 _aIncludes Index
600 _aManagement
650 _aManagement
942 _cBK
999 _c15856
_d15856